000 00527nam a2200181Ia 4500
008 100917s9999 xx 000 0 und d
082 _b48925
100 _aबोराडे रा. रं.
245 _aमाळरान (आ. 2 री.)
260 _bश्री विशाखा प्रकाशन
_c1981
300 _a132
365 _b16
520 _aकथा
630 _aमाळरान (आ. 2 री.)
650 _aकथा
730 _aमाळरान (आ. 2 री.)
942 _cBOOK
999 _c654319
_d654316